| 000 | 01043cam a2200253 4500 | ||
|---|---|---|---|
| 008 | 090401t1989 xxu||||| |||| 00| 0 eng d | ||
| 020 | _a085406432X | ||
| 035 | _a(Sirsi) u49598 | ||
| 041 | _aeng | ||
| 050 |
_a658.404 _c18 |
||
| 090 | _aRICS 1989/43 ABCD | ||
| 110 |
_aRoyal Institution of Chartered Surveyors _94900 |
||
| 245 | _aProject management agreement and conditions of engagement | ||
| 260 |
_aLondon _bRICS _c1989 |
||
| 300 |
_a12p. _c30cm. |
||
| 350 | _a2.95 | ||
| 490 | _aRICS Conditions of Engagement | ||
| 520 | _aTo be read in conjunction with "Project management agreement and conditions of engagement : guidance note for use in conjuction with the memorandum of agreement between client and project manager and conditions of engagement" (ISBN 0854064338). | ||
| 520 | _aSuperseded by second edition "Project management agreement and conditions of engagement May 1992" (M71). | ||
| 690 |
_aProject management _96261 |
||
| 710 |
_aProject Management Diploma Association _9771 |
||
| 942 | _n0 | ||
| 948 | _c04/03/1997 | ||
| 999 |
_c92579 _d92579 |
||